| 000 | 00785nam a2200265 a 4500 | ||
|---|---|---|---|
| 001 | 74634 | ||
| 003 | BD-RjUL | ||
| 005 | 20211209082600.0 | ||
| 008 | 181108b ||||| |||| 00| 0 eng d | ||
| 020 |
_a 9789682502125 _cTk..81.00 |
||
| 020 |
_a9682502128 _cTk..81.00 |
||
| 035 | _a(BD-RjUL) | ||
| 040 |
_aBD-RjUL _beng _cBD-RjUL |
||
| 041 | _aeng | ||
| 082 |
_223 _a590 _bCOG 1965 |
||
| 100 | 1 |
_aCockkrum, E. Lendell _9224765 |
|
| 245 | 1 | 0 |
_aZoologiy / _cE Lendell Cockrum; William J MacCauley |
| 250 | _aSaunders' International Student Edition | ||
| 260 |
_aLondon : _bSounders co , _c1965 |
||
| 300 |
_aXXIV, 713 p. : _bil. ; _c25 cm |
||
| 504 | _aIncludes bibliography and Index | ||
| 650 |
_aGoology _9224766 |
||
| 700 |
_aMacCauley, William J _9224767 |
||
| 942 |
_2ddc _cBK |
||
| 999 |
_c74634 _d74634 |
||